00922cam a22002174a 4500020001500000082002900015245010600044260005800150300003500208500009900243526003700342650003200379650003700411700003000448700002900478700002900507710004000536942001200576999001900588952009700607 a087031064X00a624.171bWILcN-01, P-8900aFinite element analysis of reinforced concrete structures /ceditors, Kaspar Willam, Tada-aki Tanabe. aFarmington Hills, Mich. :bACI International,cc2001. aviii, 399 p. :bill. ;c23 cm. aPapers in honor of Alexander C. Scordelis, presented at the ACI Fall 2000 Convention, Toronto. a0b0c0d624_171000000000000_WIL 0aFinite element method91938 0aReinforced concrete construction1 aScordelis, Alex C.9428481 aTanabe, Tada-aki.9428491 aWillam, Kaspar J.9428502 aAmerican Concrete Institute.937057 2ddccBK c546662d546662 00102ddc4070aMCEbMCEd2014-06-17l0o624.171 WILpMCE-36471r2014-06-17w2014-06-17yBK